[Event "Skopje MKD"]
[Site "Skopje MKD"]
[Date "2014.03.31"]
[Round "4.71"]
[White "Papp, Petra"]
[Black "Oltian, Vata"]
[Result "0-1"]
[WhiteElo "2302"]
[BlackElo "2022"]
[PlyCount "57"]
[EventDate "2014.03.29"]
[EventType "swiss"]
[EventRounds "9"]

1. d4 g6 2. e4 Bg7 3. Nc3 e6 4. f4 Ne7 5. Nf3 O-O 6. Be3 a6 7. Bd3 d6 8. Qd2
Nd7 9. O-O-O b5 10. Ne2 c5 11. c3 c4 12. Bc2 d5 13. e5 Qa5 14. Kb1 Nc6 15. h4
Rb8 16. a3 Re8 17. h5 Bf8 18. hxg6 fxg6 19. Qe1 Bxa3 20. Bxg6 Re7 21. Qg3 Nf8
22. Bxh7+ Kf7 23. Qg8+ Ke8 24. f5 b4 25. Bg6+ Kd7 26. fxe6+ Nxe6 27. Kc2 bxc3
28. Rb1 Qa4+ 29. b3 0-1

[Event "Skopje MKD"]
[Site "Skopje MKD"]
[Date "2014.03.31"]
[Round "4.72"]
[White "Minko, Vladimir"]
[Black "Padjen, Zdenko"]
[Result "1-0"]
[WhiteElo "2295"]
[BlackElo "2004"]
[PlyCount "41"]
[EventDate "2014.03.29"]
[EventType "swiss"]
[EventRounds "9"]

1. d4 f5 2. g3 Nf6 3. Bg2 c6 4. Nh3 g6 5. Nf4 Bg7 6. c4 Na6 7. h4 d6 8. d5 e5
9. dxc6 bxc6 10. Bxc6+ Bd7 11. Ne6 Bxc6 12. Nxd8 Rxd8 13. O-O O-O 14. Bg5 d5
15. Bxf6 Bxf6 16. cxd5 Rxd5 17. Qc2 Rc5 18. Qb3+ Kg7 19. Nc3 Ra5 20. Rfd1 e4
21. Qc4 1-0

[Event "Skopje MKD"]
[Site "Skopje MKD"]
[Date "2014.03.31"]
[Round "4.73"]
[White "Nakhbayeva, Guliskhan"]
[Black "Cretnik, Urban"]
[Result "1-0"]
[WhiteElo "2293"]
[BlackElo "1959"]
[PlyCount "99"]
[EventDate "2014.03.29"]
[EventType "swiss"]
[EventRounds "9"]

1. d4 d5 2. c4 c6 3. Nf3 Nf6 4. e3 Bf5 5. Nc3 e6 6. Nh4 Bg4 7. Qb3 Qb6 8. h3
Bh5 9. g4 Bg6 10. Nxg6 hxg6 11. Bg2 Nbd7 12. Bd2 Be7 13. O-O-O Qxb3 14. axb3
Nb6 15. c5 Nc8 16. Kc2 Nd7 17. b4 a6 18. Ra1 Na7 19. e4 dxe4 20. g5 f5 21. gxf6
Nxf6 22. Rhe1 O-O-O 23. Nxe4 Nxe4 24. Rxe4 Nb5 25. Be3 Bf6 26. Rd1 Rh4 27. Rxh4
Bxh4 28. Kb3 Bf6 29. Kc4 Rh8 30. f4 Nc7 31. Rh1 Nd5 32. Bd2 Rh4 33. Bf3 g5 34.
Bg4 Nxf4 35. Bxf4 gxf4 36. Rf1 g5 37. Re1 Kd8 38. Rxe6 Be7 39. d5 cxd5+ 40.
Kxd5 Rh7 41. Rg6 Rf7 42. Rb6 f3 43. Rxb7 Rf4 44. Rb8+ Kc7 45. Rc8+ Kb7 46. c6+
Ka7 47. Rc7+ Ka8 48. Rxe7 f2 49. c7 Rf8 50. Rf7 1-0

[Event "Skopje MKD"]
[Site "Skopje MKD"]
[Date "2014.03.31"]
[Round "4.74"]
[White "Uzumcu, Ahmet Utku"]
[Black "Dimic, Pavle"]
[Result "0-1"]
[WhiteElo "1681"]
[BlackElo "2293"]
[PlyCount "98"]
[EventDate "2014.03.29"]
[EventType "swiss"]
[EventRounds "9"]

1. e4 c5 2. Nf3 d6 3. d4 cxd4 4. Nxd4 Nf6 5. Nc3 Nc6 6. Bg5 e6 7. Qd2 a6 8. f4
h6 9. Bxf6 Qxf6 10. Nb3 Qd8 11. O-O-O Qc7 12. Be2 Bd7 13. Bf3 O-O-O 14. Rhe1
Kb8 15. Kb1 Bc8 16. Nd4 Na5 17. b3 Be7 18. f5 Bf6 19. fxe6 fxe6 20. Qd3 Be5 21.
h3 g6 22. Rf1 Rhf8 23. Nce2 Nc6 24. Qc4 Nxd4 25. Qxc7+ Kxc7 26. Nxd4 Kd7 27. c3
Ke7 28. Kb2 Bd7 29. Be2 Rxf1 30. Rxf1 Rc8 31. Rd1 b5 32. b4 h5 33. Kb3 Rf8 34.
Rf1 Rc8 35. Rd1 h4 36. Rf1 Ra8 37. a3 Rc8 38. Rd1 Rf8 39. Rf1 Rxf1 40. Bxf1
Bxd4 41. cxd4 Kf6 42. Kc3 Kg5 43. Kd3 Kf4 44. Be2 e5 45. dxe5 dxe5 46. Bd1 Bc6
47. Bf3 Bb7 48. Bg4 Bxe4+ 49. Ke2 Bf5 0-1

[Event "Skopje MKD"]
[Site "Skopje MKD"]
[Date "2014.03.31"]
[Round "4.75"]
[White "Dragicevic, Drazen"]
[Black "Nikolovski, Nikola"]
[Result "1-0"]
[WhiteElo "2293"]
[BlackElo "1996"]
[PlyCount "65"]
[EventDate "2014.03.29"]
[EventType "swiss"]
[EventRounds "9"]

1. Nf3 Nf6 2. c4 g6 3. b4 Bg7 4. Bb2 d6 5. g3 e5 6. Bg2 O-O 7. d3 c6 8. O-O
Nbd7 9. Nc3 Ne8 10. Nd2 a6 11. Qc2 f5 12. b5 Qc7 13. bxc6 bxc6 14. Nd5 Qd8 15.
Nb4 Nb8 16. Nxc6 Nxc6 17. Bxc6 Ra7 18. Qb3 Kh8 19. Rab1 Rc7 20. Qb6 Nf6 21. Bf3
Qe7 22. Ba3 Rd8 23. Rfc1 Bh6 24. e3 f4 25. exf4 exf4 26. Re1 Qf7 27. Ne4 Nxe4
28. Bxe4 Bh3 29. Bxd6 Rcd7 30. Bd5 Qf5 31. Be5+ Bg7 32. Be6 Qxe6 33. Bxg7+ 1-0

[Event "Skopje MKD"]
[Site "Skopje MKD"]
[Date "2014.03.31"]
[Round "4.76"]
[White "Becker, Carsten"]
[Black "Westerberg, Jonathan"]
[Result "1-0"]
[WhiteElo "1986"]
[BlackElo "2402"]
[PlyCount "101"]
[EventDate "2014.03.29"]
[EventType "swiss"]
[EventRounds "9"]

1. d4 f5 2. c4 Nf6 3. Nc3 e6 4. a3 Be7 5. Bf4 O-O 6. e3 d6 7. Bd3 Qe8 8. Nf3
Nh5 9. Qc2 Nc6 10. O-O-O Bf6 11. Bg5 Bxg5 12. Nxg5 h6 13. h4 hxg5 14. hxg5 g6
15. g4 Ng7 16. Rh6 Ne7 17. Rdh1 Qd8 18. f4 Kf7 19. Rh7 Rg8 20. gxf5 exf5 21. e4
c6 22. d5 Qb6 23. Re1 cxd5 24. exd5 Bd7 25. Nb5 Bxb5 26. Qe2 Qc7 27. Qe6+ Kf8
28. Qf6+ Ke8 29. Rxg7 Rxg7 30. Qxg7 Kd8 31. Re6 Be8 32. Qf6 b6 33. Rxd6+ Kc8
34. Re6 Nxd5 35. Rxe8+ Kb7 36. Qxg6 Rxe8 37. Qxe8 Nxf4 38. Bxf5 Qxc4+ 39. Kb1
Qf1+ 40. Ka2 Qc4+ 41. b3 Qc5 42. Qd7+ Qc7 43. Be4+ Kb8 44. Qe8+ Qc8 45. Qe5+
Qc7 46. Qh8+ Qc8 47. Qh2 Qc7 48. g6 Ne6 49. Qh8+ Qc8 50. g7 Nxg7 51. Qxg7 1-0

[Event "Skopje MKD"]
[Site "Skopje MKD"]
[Date "2014.03.31"]
[Round "4.77"]
[White "Lazov, Toni"]
[Black "Codenotti, Marco"]
[Result "1-0"]
[WhiteElo "1965"]
[BlackElo "2362"]
[PlyCount "57"]
[EventDate "2014.03.29"]
[EventType "swiss"]
[EventRounds "9"]

1. e4 e5 2. Nf3 Nc6 3. Bc4 Bc5 4. d3 Nf6 5. O-O O-O 6. Nbd2 d6 7. c3 a6 8. Bb3
Ba7 9. Re1 Ne7 10. Nf1 Ng6 11. Ng3 b5 12. d4 Bg4 13. Nf5 exd4 14. cxd4 d5 15.
h3 Bxf3 16. gxf3 h6 17. e5 Nh5 18. Kh2 Nh4 19. Ng3 Nxg3 20. fxg3 Nf5 21. Be3 f6
22. Bf2 fxe5 23. Rxe5 c6 24. Qd3 Nd6 25. Bc2 Rf6 26. Qh7+ Kf7 27. Rae1 Ne4 28.
R1xe4 dxe4 29. Bb3+ 1-0

[Event "Skopje MKD"]
[Site "Skopje MKD"]
[Date "2014.03.31"]
[Round "4.78"]
[White "Jovanovic, Bojan P"]
[Black "Jakovljevic, Dejan"]
[Result "1-0"]
[WhiteElo "2254"]
[BlackElo "1948"]
[PlyCount "82"]
[EventDate "2014.03.29"]
[EventType "swiss"]
[EventRounds "9"]

1. f4 e6 2. Nf3 Nf6 3. e3 b6 4. b3 Bb7 5. Bb2 Be7 6. Bd3 d6 7. O-O O-O 8. Nc3
Nbd7 9. Qe1 e5 10. fxe5 dxe5 11. Bc4 e4 12. Nd4 Ne5 13. Nf5 Nfg4 14. Nxe7+ Qxe7
15. Qg3 Nxc4 16. bxc4 Ne5 17. Nd5 Bxd5 18. Bxe5 f6 19. Bxc7 Bxc4 20. Bd6 Qd7
21. Bxf8 Bxf1 22. Bxg7 Qxg7 23. Qxg7+ Kxg7 24. Kxf1 Rc8 25. Rc1 Rc5 26. Ke2 Ra5
27. Ra1 Rc5 28. Rc1 Ra5 29. Ra1 Rc5 30. c3 Rg5 31. g3 Rd5 32. Rb1 Ra5 33. Rb4
Rxa2 34. Rxe4 a5 35. Re7+ Kg6 36. c4 Ra1 37. Rb7 Rh1 38. Rxb6 Rxh2+ 39. Kd3 Rg2
40. c5 Rxg3 41. c6 Rg1 1-0

[Event "Skopje MKD"]
[Site "Skopje MKD"]
[Date "2014.03.31"]
[Round "4.79"]
[White "Montolio Benedicto, Cesar"]
[Black "Sorgic, Dragan"]
[Result "0-1"]
[WhiteElo "1950"]
[BlackElo "2244"]
[PlyCount "120"]
[EventDate "2014.03.29"]
[EventType "swiss"]
[EventRounds "9"]

1. e4 g6 2. d4 Bg7 3. c4 d6 4. Nc3 Nf6 5. Nf3 O-O 6. Be2 c6 7. O-O e5 8. dxe5
dxe5 9. Qxd8 Rxd8 10. h3 Nbd7 11. Be3 Bf8 12. Rfd1 Re8 13. Bd3 Bc5 14. Bxc5
Nxc5 15. Bc2 a5 16. Rd6 Nfd7 17. Rad1 f6 18. Na4 Nxa4 19. Bxa4 Nc5 20. Bc2 Be6
21. b3 Kf7 22. Nd2 Red8 23. Nb1 Rxd6 24. Rxd6 Ke7 25. Rd1 a4 26. Nc3 axb3 27.
axb3 Ra3 28. Rb1 Bxc4 29. Na4 Nxb3 30. Bxb3 Rxb3 31. Rxb3 Bxb3 32. Nc5 Bc2 33.
Nxb7 Bxe4 34. Kf1 Bd3+ 35. Ke1 f5 36. h4 Ba6 37. Nc5 Bc8 38. g3 Kd6 39. Nd3 Ba6
40. Nb4 Bb5 41. Kd2 c5 42. Nc2 Kd5 43. Na3 Ba6 44. Nb1 Kd4 45. Nc3 Bd3 46. Na4
h6 47. Nb6 g5 48. hxg5 hxg5 49. Nd7 c4 50. Nf6 c3+ 51. Kc1 f4 52. gxf4 gxf4 53.
Kd1 e4 54. Nh5 e3 55. fxe3+ Kxe3 56. Nf6 c2+ 57. Kc1 f3 58. Nd5+ Kd4 59. Nf4 f2
60. Nxd3 Kxd3 0-1

[Event "Skopje MKD"]
[Site "Skopje MKD"]
[Date "2014.03.31"]
[Round "4.80"]
[White "Becking, Franz Josef"]
[Black "Makoli, Perparim"]
[Result "0-1"]
[WhiteElo "1943"]
[BlackElo "2242"]
[PlyCount "88"]
[EventDate "2014.03.29"]
[EventType "swiss"]
[EventRounds "9"]

1. d4 Nf6 2. Bg5 Ne4 3. Bf4 c5 4. Nd2 Nxd2 5. Qxd2 cxd4 6. Nf3 d6 7. Bg5 f6 8.
Bh4 e5 9. e3 dxe3 10. Qxe3 Qb6 11. Qc3 Nc6 12. O-O-O Be6 13. Bc4 Bf5 14. Bd3
Bxd3 15. Qxd3 O-O-O 16. Qc4 Kb8 17. Qf7 Qc7 18. Qb3 Rc8 19. c3 Na5 20. Qd5 Nc4
21. Nd2 Nb6 22. Qb3 d5 23. Kb1 Bc5 24. Bg3 Rcd8 25. Nf3 Ka8 26. Rhe1 Rhe8 27.
Nd4 Qc8 28. Nc2 Nc4 29. Ne3 Bxe3 30. fxe3 Rd6 31. Re2 Ree6 32. Rd3 Nb6 33. e4
dxe4 34. Rxd6 Rxd6 35. Rxe4 Qf5 36. Qg8+ Nc8 37. Kc1 Kb8 38. Rd4 Qf1+ 39. Kc2
Qxg2+ 40. Kc1 Qf1+ 41. Kc2 Qe2+ 42. Kc1 Rc6 43. Qxh7 Qe3+ 44. Kb1 Qg1+ 0-1

[Event "Skopje MKD"]
[Site "Skopje MKD"]
[Date "2014.03.31"]
[Round "4.81"]
[White "Berisha, Enver"]
[Black "Atanasov, Sande"]
[Result "1-0"]
[WhiteElo "2236"]
[BlackElo "1897"]
[PlyCount "43"]
[EventDate "2014.03.29"]
[EventType "swiss"]
[EventRounds "9"]

1. d4 Nf6 2. c4 b6 3. Nf3 Bb7 4. e3 e6 5. Bd3 Bb4+ 6. Bd2 Qe7 7. a3 Bd6 8. O-O
g5 9. Nxg5 Bxg2 10. Kxg2 Rg8 11. f4 h6 12. h4 Rg7 13. e4 hxg5 14. hxg5 Bxf4 15.
Bxf4 Nc6 16. e5 Ng8 17. Be4 O-O-O 18. Kg3 Na5 19. Nd2 d5 20. cxd5 exd5 21. Bf5+
Kb7 22. Rc1 1-0

[Event "Skopje MKD"]
[Site "Skopje MKD"]
[Date "2014.03.31"]
[Round "4.82"]
[White "Ketzetzis, Georgios"]
[Black "Vukelic, Zvonimir"]
[Result "1-0"]
[WhiteElo "2183"]
[BlackElo "1875"]
[PlyCount "57"]
[EventDate "2014.03.29"]
[EventType "swiss"]
[EventRounds "9"]

1. e4 c6 2. d4 d5 3. f3 dxe4 4. fxe4 Nf6 5. e5 Bg4 6. Be2 Bxe2 7. Qxe2 Nd5 8.
c4 Nb6 9. Nf3 e6 10. O-O Be7 11. Nc3 O-O 12. Be3 Na6 13. Rad1 Nc7 14. Ne4 Nc8
15. Nfg5 h6 16. Qh5 hxg5 17. Bxg5 f5 18. exf6 Qe8 19. Qxe8 Nxe8 20. fxe7 Rf5
21. g4 Rxf1+ 22. Rxf1 Nb6 23. Rf8+ Kh7 24. Bf4 g5 25. Nxg5+ Kg6 26. h4 Nd7 27.
h5+ Kg7 28. Nxe6+ Kh7 29. g5 1-0

[Event "Skopje MKD"]
[Site "Skopje MKD"]
[Date "2014.03.31"]
[Round "4.83"]
[White "Gjergji, Rozana"]
[Black "Peczely, Sebastian Zsombor"]
[Result "0-1"]
[WhiteElo "1940"]
[BlackElo "2182"]
[PlyCount "102"]
[EventDate "2014.03.29"]
[EventType "swiss"]
[EventRounds "9"]

1. e4 e5 2. Nf3 Nc6 3. Bb5 a6 4. Ba4 Nge7 5. O-O g6 6. c3 Bg7 7. d4 exd4 8.
cxd4 b5 9. Bb3 O-O 10. Nc3 d6 11. h3 Na5 12. Bc2 Bb7 13. Bg5 Re8 14. Qc1 Qd7
15. Bh6 Bh8 16. Qf4 Nec6 17. Nd5 f6 18. Nxf6+ Bxf6 19. Qxf6 Rf8 20. Bxf8 Rxf8
21. Qg5 Rxf3 22. gxf3 Nxd4 23. Bd1 Nc4 24. Qg4 Qf7 25. Kg2 Ne5 26. Qg3 c5 27.
Re1 Ne6 28. Re3 Nf4+ 29. Kh2 Bc8 30. Be2 Qf6 31. Rg1 h6 32. b3 Bxh3 33. Rd1 g5
34. a4 Bd7 35. axb5 axb5 36. Kh1 Kh7 37. Ra1 h5 38. Ra7 h4 39. Rxd7+ Nxd7 40.
Qg4 Ne5 41. Qf5+ Qxf5 42. exf5 b4 43. Ba6 Kg7 44. Re1 Kf6 45. Rd1 d5 46. Bb7
Ned3 47. Rxd3 Nxd3 48. Bxd5 Nxf2+ 49. Kg2 Nd3 50. Be4 Nf4+ 51. Kh2 Ne2 0-1

[Event "Skopje MKD"]
[Site "Skopje MKD"]
[Date "2014.03.31"]
[Round "4.84"]
[White "Jorgensen, Line Jin"]
[Black "Halmeenmaki, Tuomo"]
[Result "1/2-1/2"]
[WhiteElo "1923"]
[BlackElo "2177"]
[PlyCount "63"]
[EventDate "2014.03.29"]
[EventType "swiss"]
[EventRounds "9"]

1. d4 Nf6 2. c4 g6 3. Nc3 Bg7 4. e4 O-O 5. f4 d6 6. Nf3 Na6 7. Bd3 Bg4 8. O-O
Nd7 9. Be3 e5 10. fxe5 c5 11. Be2 Bxf3 12. gxf3 cxd4 13. Bxd4 dxe5 14. Be3 Ndc5
15. Qxd8 Rfxd8 16. Nd5 Ne6 17. b4 Nd4 18. Bd3 Bf8 19. a3 h6 20. Rac1 Rac8 21.
f4 Nc7 22. f5 Nxd5 23. exd5 a5 24. fxg6 fxg6 25. Bxd4 exd4 26. c5 axb4 27. axb4
b6 28. d6 bxc5 29. bxc5 Bxd6 30. cxd6 Rxc1 31. Rxc1 Rxd6 32. Rc7 1/2-1/2

[Event "Skopje MKD"]
[Site "Skopje MKD"]
[Date "2014.03.31"]
[Round "4.85"]
[White "Serefidou, Despina"]
[Black "Thiel, Kuno"]
[Result "1-0"]
[WhiteElo "1916"]
[BlackElo "2168"]
[PlyCount "83"]
[EventDate "2014.03.29"]
[EventType "swiss"]
[EventRounds "9"]

1. e4 Nf6 2. e5 Nd5 3. d4 d6 4. c4 Nb6 5. f4 Bf5 6. Nc3 Na6 7. a3 c5 8. Nf3 e6
9. dxc5 dxc5 10. Be3 Be7 11. Be2 Qxd1+ 12. Rxd1 O-O 13. Nd2 Rfd8 14. Nde4 Rxd1+
15. Kxd1 Rd8+ 16. Kc1 Na4 17. Bf3 Rd3 18. Bf2 Nxc3 19. Nxc3 b6 20. Nb5 g5 21.
Nxa7 gxf4 22. Nc8 Bd8 23. Nd6 Bg6 24. Be2 Rb3 25. Bd1 Re3 26. Bxe3 fxe3 27. Be2
Nb8 28. h4 h5 29. Rh3 Nc6 30. Rxe3 Bxh4 31. Kd1 Nd4 32. Bd3 Bg5 33. Rh3 Bf4 34.
Bxg6 fxg6 35. Nc8 Bxe5 36. Nxb6 Nf5 37. Rb3 Bd4 38. a4 Ne3+ 39. Rxe3 Bxe3 40.
a5 Bf4 41. Nd7 Bc7 42. a6 1-0

[Event "Skopje MKD"]
[Site "Skopje MKD"]
[Date "2014.03.31"]
[Round "4.87"]
[White "Batkoski, Nenad"]
[Black "Krstev, Emil"]
[Result "1-0"]
[WhiteElo "1897"]
[BlackElo "2156"]
[PlyCount "69"]
[EventDate "2014.03.29"]
[EventType "swiss"]
[EventRounds "9"]

1. e4 e6 2. d4 d5 3. e5 Ne7 4. c3 Qd7 5. Nf3 b6 6. Bd3 Ba6 7. Bxa6 Nxa6 8. Qd3
Nb8 9. Na3 c5 10. Be3 c4 11. Qe2 Nf5 12. Nc2 Nc6 13. Bd2 Be7 14. g4 Nh4 15.
Nxh4 Bxh4 16. g5 h6 17. Qh5 Bxf2+ 18. Kxf2 O-O-O 19. gxh6 f6 20. exf6 Rdf8 21.
Raf1 gxh6 22. Ke1 Nd8 23. Rhg1 Qa4 24. Na3 Nf7 25. Rg7 Qe8 26. Bf4 b5 27. Rf2
a6 28. Re2 b4 29. cxb4 c3 30. Rc2 e5 31. dxe5 d4 32. bxc3 d3 33. Qf5+ Kd8 34.
Qxd3+ Kc8 35. Qc4+ 1-0

[Event "Skopje MKD"]
[Site "Skopje MKD"]
[Date "2014.03.31"]
[Round "4.88"]
[White "Tairi, Krenar"]
[Black "Pastar, Slaven"]
[Result "1-0"]
[WhiteElo "1886"]
[BlackElo "2152"]
[PlyCount "125"]
[EventDate "2014.03.29"]
[EventType "swiss"]
[EventRounds "9"]

1. d4 d5 2. c4 c6 3. cxd5 cxd5 4. Nc3 Nc6 5. Bf4 Nf6 6. e3 a6 7. Bd3 g6 8. Rc1
Bg7 9. h3 O-O 10. Nf3 b5 11. a3 Bb7 12. b4 Rc8 13. O-O e6 14. Nd2 Nh5 15. Bh2
e5 16. dxe5 Nxe5 17. Nb3 Nc6 18. Nc5 Ba8 19. Be2 a5 20. Bg4 axb4 21. Nxb5 bxa3
22. Bxc8 Qxc8 23. Nd3 Qa6 24. Qb3 a2 25. Nb2 Na5 26. Qb4 Qb7 27. Rc7 Qb6 28.
Na4 Qf6 29. Nd4 Nc6 30. Qa3 Nxd4 31. exd4 Qxd4 32. Qxa2 Nf4 33. Rc2 Qe4 34.
Bxf4 Qxf4 35. Nb6 Bb7 36. Qa7 Rb8 37. Nd7 Be5 38. Nxe5 Qxe5 39. Rb1 Rc8 40.
Rxc8+ Bxc8 41. Qb8 Qe8 42. Rc1 Bd7 43. Qxe8+ Bxe8 44. Rc8 Kf8 45. Rd8 Ke7 46.
Rxd5 Bd7 47. f4 h5 48. Kf2 Be6 49. Ra5 Kf6 50. Kf3 Bc8 51. Ra7 Be6 52. Ra6 h4
53. Rxe6+ Kxe6 54. Kg4 Kf6 55. Kxh4 Kf5 56. Kg3 f6 57. Kf3 Ke6 58. Ke4 Kd6 59.
g4 Kc6 60. h4 Kd6 61. f5 gxf5+ 62. Kxf5 Ke7 63. Kg6 1-0

[Event "Skopje MKD"]
[Site "Skopje MKD"]
[Date "2014.03.31"]
[Round "4.89"]
[White "Nikolovska, Dragana"]
[Black "Petkovski, Vlatko"]
[Result "0-1"]
[WhiteElo "1880"]
[BlackElo "2147"]
[PlyCount "80"]
[EventDate "2014.03.29"]
[EventType "swiss"]
[EventRounds "9"]

1. e4 c5 2. Nf3 e6 3. d4 cxd4 4. Nxd4 a6 5. c4 Nf6 6. Nc3 Qc7 7. a3 d6 8. Be3
Be7 9. Be2 b6 10. O-O Bb7 11. f3 Nbd7 12. Rc1 Rc8 13. b4 O-O 14. Qd2 Qb8 15.
Rfd1 Rfe8 16. Nb3 Bf8 17. Kh1 h6 18. Bf4 Ne5 19. Na4 Bc6 20. b5 Ba8 21. Qd4
axb5 22. cxb5 Rxc1 23. Nxc1 Qa7 24. Nxb6 Bb7 25. a4 Nxf3 26. gxf3 e5 27. Bxe5
dxe5 28. Qg1 Nxe4 29. Nd7 Qxa4 30. Nxf8 Rxf8 31. Rd7 Ba8 32. Qe3 Nf6 33. Ra7
Qb4 34. Kg2 e4 35. f4 Nd5 36. Qg3 Qd2 37. Ra1 Nxf4+ 38. Kf1 Nd5 39. Nb3 Qb2 40.
Rd1 Nc3 0-1

[Event "Skopje MKD"]
[Site "Skopje MKD"]
[Date "2014.03.31"]
[Round "4.90"]
[White "Kacakovski, Dimitar"]
[Black "Golubovic, Tomislav"]
[Result "1/2-1/2"]
[WhiteElo "2143"]
[BlackElo "1855"]
[PlyCount "77"]
[EventDate "2014.03.29"]
[EventType "swiss"]
[EventRounds "9"]

1. d4 Nf6 2. Bg5 e6 3. Nd2 Be7 4. e4 d6 5. f4 Nbd7 6. Ngf3 h6 7. Bh4 Nh5 8.
Bxe7 Qxe7 9. g3 Nhf6 10. Bg2 c6 11. O-O O-O 12. e5 Nd5 13. Qe2 f5 14. c4 Nc7
15. Nh4 Re8 16. Ng6 Qf7 17. exd6 Qxg6 18. dxc7 Nf6 19. Nf3 Qf7 20. Qe5 Re7 21.
Qa5 Rxc7 22. Ne5 Qe7 23. Rac1 b6 24. Qa4 Bb7 25. c5 b5 26. Qa5 Rcc8 27. a4 a6
28. Rfe1 Qc7 29. Qc3 Re8 30. b3 Rad8 31. axb5 axb5 32. Ra1 Ra8 33. Nd3 Qd7 34.
Ne5 Qc7 35. b4 Nd7 36. Rxa8 Rxa8 37. Qb3 Re8 38. Bh3 Nxe5 39. dxe5 1/2-1/2

[Event "Skopje MKD"]
[Site "Skopje MKD"]
[Date "2014.03.31"]
[Round "4.91"]
[White "Cvetkovski, Slobodan"]
[Black "Gjorshev, Ljupcho"]
[Result "0-1"]
[WhiteElo "1876"]
[BlackElo "2125"]
[PlyCount "88"]
[EventDate "2014.03.29"]
[EventType "swiss"]
[EventRounds "9"]

1. e4 e5 2. Nf3 Nc6 3. Bb5 Bc5 4. O-O Qf6 5. Nc3 Nge7 6. d3 h6 7. Be3 Bb6 8.
Bxb6 axb6 9. Re1 O-O 10. Nd5 Nxd5 11. exd5 Na7 12. Bc4 d6 13. h3 Bd7 14. d4
Rae8 15. dxe5 dxe5 16. c3 Nc8 17. Nd2 Qg6 18. Kh1 Nd6 19. Be2 Re7 20. Bh5 Qg5
21. Be2 Qh4 22. Kg1 f5 23. Nf3 Qf6 24. Bf1 f4 25. Nh2 e4 26. Qd2 Qg5 27. Kh1
Ree8 28. c4 Rf6 29. g4 h5 30. f3 Qh4 31. Qg2 e3 32. Bd3 Rh6 33. Rg1 hxg4 34.
hxg4 Nf7 35. Bf5 Re7 36. Bxd7 Rxd7 37. Rgf1 Ng5 38. a4 Re7 39. Kg1 e2 40. Rfe1
Qxh2+ 41. Qxh2 Nxf3+ 42. Kf2 Nxh2 43. g5 Rh3 44. Kg2 Rg3+ 0-1

[Event "Skopje MKD"]
[Site "Skopje MKD"]
[Date "2014.03.31"]
[Round "4.92"]
[White "Alishani, Ibrahim"]
[Black "Peczely, Gyorgy"]
[Result "1-0"]
[WhiteElo "2110"]
[BlackElo "1832"]
[PlyCount "47"]
[EventDate "2014.03.29"]
[EventType "swiss"]
[EventRounds "9"]

1. d4 Nf6 2. Bg5 d5 3. Nf3 Bf5 4. e3 Nbd7 5. c4 c6 6. Nc3 e6 7. cxd5 cxd5 8.
Ne5 a6 9. Qb3 h6 10. Bh4 g5 11. Bg3 Qb6 12. Nxd7 Nxd7 13. Qxb6 Nxb6 14. Be5 Rg8
15. Be2 Nd7 16. Bg3 Nf6 17. f3 Bb4 18. O-O Kd7 19. Be5 Ne8 20. Na4 Ba5 21. e4
dxe4 22. fxe4 Rc8 23. exf5 exf5 24. Rxf5 1-0

[Event "Skopje MKD"]
[Site "Skopje MKD"]
[Date "2014.03.31"]
[Round "4.93"]
[White "Percivaldi, Martin"]
[Black "Konstantinov, Aleksandar"]
[Result "1-0"]
[WhiteElo "2109"]
[BlackElo "1828"]
[PlyCount "57"]
[EventDate "2014.03.29"]
[EventType "swiss"]
[EventRounds "9"]

1. d4 Nf6 2. Nf3 g6 3. c4 Bg7 4. Nc3 O-O 5. e4 d6 6. Be2 Bg4 7. Be3 Nfd7 8. Rc1
c5 9. d5 Qa5 10. Qd2 Nb6 11. b3 Na6 12. O-O Nb4 13. a4 Bxf3 14. Bxf3 Nd7 15.
Be2 Rfc8 16. Bg4 Qd8 17. f4 Rcb8 18. Bxd7 Qxd7 19. f5 Rf8 20. Rf3 gxf5 21. Rxf5
Kh8 22. Rcf1 Bf6 23. Ne2 Rg8 24. Ng3 Rg4 25. Qe2 Rag8 26. Kh1 Be5 27. Rxf7 Bxg3
28. hxg3 Qe8 29. Qb2+ 1-0

[Event "Skopje MKD"]
[Site "Skopje MKD"]
[Date "2014.03.31"]
[Round "4.94"]
[White "Stosevski, Ilja"]
[Black "Jean, Ludovic"]
[Result "1-0"]
[WhiteElo "2108"]
[BlackElo "1786"]
[PlyCount "65"]
[EventDate "2014.03.29"]
[EventType "swiss"]
[EventRounds "9"]

1. g3 c6 2. c4 g6 3. Bg2 Bg7 4. Nc3 Nf6 5. Nf3 O-O 6. O-O d6 7. d3 e5 8. Rb1
Nbd7 9. b4 Re8 10. Nd2 Nf8 11. b5 c5 12. a4 Rb8 13. Nd5 Nxd5 14. cxd5 Nd7 15.
e4 Rf8 16. Nc4 Nb6 17. Ne3 Nd7 18. Bd2 Nf6 19. h3 Bd7 20. Nc4 Ne8 21. f4 f6 22.
f5 g5 23. h4 gxh4 24. gxh4 Kh8 25. Kh2 Rg8 26. Bf3 Bf8 27. Bh5 Qe7 28. Qf3 Ng7
29. Bg4 Qf7 30. Rg1 Be7 31. Rg3 Ne8 32. Rbg1 Bf8 33. Bh5 1-0

[Event "Skopje MKD"]
[Site "Skopje MKD"]
[Date "2014.03.31"]
[Round "4.95"]
[White "Ajrula, Adnan"]
[Black "Kollari, Suleyman"]
[Result "0-1"]
[WhiteElo "1872"]
[BlackElo "2104"]
[PlyCount "68"]
[EventDate "2014.03.29"]
[EventType "swiss"]
[EventRounds "9"]

1. d4 Nf6 2. c4 e6 3. Bg5 d5 4. e3 c6 5. Nc3 Nbd7 6. Bd3 Bb4 7. Nge2 Qa5 8.
Bxf6 Nxf6 9. O-O Bd6 10. e4 dxe4 11. Nxe4 Bxh2+ 12. Kh1 Qh5 13. Nxf6+ gxf6 14.
Nf4 Qxd1 15. Raxd1 Bxf4 16. g3 Bc7 17. Kg2 Bd7 18. Rh1 f5 19. Rh6 O-O-O 20.
Rdh1 Rdg8 21. Rxh7 Rxh7 22. Rxh7 f4 23. g4 f5 24. d5 fxg4 25. Be4 exd5 26. cxd5
cxd5 27. Bxd5 f3+ 28. Kf1 Re8 29. Bxb7+ Kd8 30. Rh5 Re5 31. Rxe5 Bxe5 32. b3
Bd4 33. Kg1 Be6 34. Kh2 Bxf2 0-1

[Event "Skopje MKD"]
[Site "Skopje MKD"]
[Date "2014.03.31"]
[Round "4.96"]
[White "Injac, Teodora"]
[Black "Balokas, Dimitrios"]
[Result "1-0"]
[WhiteElo "1871"]
[BlackElo "2085"]
[PlyCount "49"]
[EventDate "2014.03.29"]
[EventType "swiss"]
[EventRounds "9"]

1. d4 Nf6 2. c4 e5 3. e3 exd4 4. exd4 Bb4+ 5. Nc3 O-O 6. Nf3 Re8+ 7. Be2 Ne4 8.
Qc2 d5 9. O-O Bxc3 10. bxc3 Bf5 11. Bd3 Nc6 12. Re1 Bg6 13. cxd5 Qxd5 14. c4
Qf5 15. Rb1 Qxf3 16. gxf3 Nxd4 17. fxe4 Nxc2 18. Bxc2 b6 19. Bf4 c5 20. f3 h6
21. Rbd1 Rad8 22. Rxd8 Rxd8 23. Rd1 Rxd1+ 24. Bxd1 a6 25. Be2 1-0

[Event "Skopje MKD"]
[Site "Skopje MKD"]
[Date "2014.03.31"]
[Round "4.97"]
[White "Arizanov, Tome"]
[Black "Gjeorgjievski, Done"]
[Result "0-1"]
[WhiteElo "2078"]
[BlackElo "1784"]
[PlyCount "79"]
[EventDate "2014.03.29"]
[EventType "swiss"]
[EventRounds "9"]

1. Nf3 Nf6 2. g3 b5 3. Bg2 Bb7 4. O-O e6 5. d3 c5 6. b3 Be7 7. c4 bxc4 8. bxc4
O-O 9. Na3 a6 10. Rb1 Qc7 11. e4 d6 12. Nc2 Nbd7 13. Nfe1 Rab8 14. f4 Bc6 15.
Rxb8 Rxb8 16. Bd2 Qb7 17. g4 Qb1 18. Qxb1 Rxb1 19. g5 Ne8 20. f5 exf5 21. exf5
Bxg2 22. Kxg2 Ne5 23. Kf2 Rb2 24. Ke2 Rxa2 25. h4 Rb2 26. Ne3 Bd8 27. N1c2 Rb3
28. Ra1 Nc7 29. d4 cxd4 30. Nxd4 Rb2 31. Kd1 h6 32. gxh6 gxh6 33. h5 Bg5 34.
Ndc2 Nf3 35. Ba5 Ne8 36. Ke2 Nd4+ 37. Kd3 Nb3 38. Ra3 Nc5+ 39. Kd2 Nf6 40. Kc1
0-1

[Event "Skopje MKD"]
[Site "Skopje MKD"]
[Date "2014.03.31"]
[Round "4.98"]
[White "Emmanouilidis, Athanasios"]
[Black "Hoffmann, Max"]
[Result "1-0"]
[WhiteElo "1850"]
[BlackElo "2063"]
[PlyCount "71"]
[EventDate "2014.03.29"]
[EventType "swiss"]
[EventRounds "9"]

1. e4 c5 2. Nf3 Nc6 3. d4 cxd4 4. c3 dxc3 5. Nxc3 d6 6. Bc4 e6 7. O-O Be7 8.
Qe2 a6 9. a4 Qc7 10. Bf4 Ne5 11. Ba2 Nf6 12. Rac1 Qb8 13. Rfd1 Nxf3+ 14. gxf3
g5 15. Bg3 e5 16. Qe3 Rg8 17. Qb6 h5 18. h3 Bxh3 19. Nd5 Nxd5 20. Bxd5 Ra7 21.
Bxe5 dxe5 22. Qh6 Rf8 23. Qb6 Rg8 24. Rc7 Rg6 25. Bxf7+ Kxf7 26. Rxe7+ Kxe7 27.
Qxg6 Be6 28. Qxg5+ Ke8 29. Qxh5+ Kf8 30. Qh6+ Ke7 31. Qh4+ Kf7 32. Rd8 Bc8 33.
Qh7+ Ke6 34. Qg8+ Ke7 35. Qf8+ Ke6 36. Re8+ 1-0